Teknik Pembuatan Tandon Air

Đã lưu trong:
Chi tiết về thư mục
Tác giả chính: HANDO.Widi
Định dạng: Sách
Ngôn ngữ:Indonesian
Được phát hành: Semarang Aneka Ilmu 1990
Các nhãn: Thêm thẻ
Không có thẻ, Là người đầu tiên thẻ bản ghi này!
LEADER 00374nam a22001577a 4500
007 ta
008 100820t1990 io ||||| |||| 00| 0 ind d
020 |a 978977736823 
041 |a IND 
082 |2 21  |a 628.35 
100 |a HANDO.Widi  |9 11987 
245 |a Teknik Pembuatan Tandon Air 
260 |a Semarang  |b Aneka Ilmu  |c 1990 
300 |a 58 hlm.;  |c 21 cm 
942 |2 ddc  |c BK 
999 |c 9377  |d 9377